Central Library and Information Centre
Sibsagar Girls' College, Sivasagar : Assam

TULANAMULAK SARKAR ARU SANGBIDHAN (Record no. 8937)

MARC details
000 -LEADER
fixed length control field 00448cam a2200193ua 4500
008 - FIXED-LENGTH DATA ELEMENTS--GENERAL INFORMATION
fixed length control field 181008n II |||gr||||Z||||||asm
040 ## - CATALOGING SOURCE
Original cataloging agency MAIN
041 ## - LANGUAGE CODE
-- English
041 ## - LANGUAGE CODE
-- asm
082 ## - DEWEY DECIMAL CLASSIFICATION NUMBER
Classification number 320.3 GOG
100 ## - MAIN ENTRY--PERSONAL NAME
Personal name GOGOI,PURANDAR.
245 ## - TITLE STATEMENT
Title TULANAMULAK SARKAR ARU SANGBIDHAN
250 ## - EDITION STATEMENT
Edition statement 11TH.
260 ## - PUBLICATION, DISTRIBUTION, ETC.
Place of publication, distribution, etc. DIBRUGARH:
Name of publisher, distributor, etc. BANALATA.,
Date of publication, distribution, etc. 2001.
300 ## - PHYSICAL DESCRIPTION
Extent 920:
Dimensions 20CM.
942 ## - ADDED ENTRY ELEMENTS (KOHA)
Koha item type Books
653 ## - INDEX TERM--UNCONTROLLED
Uncontrolled term COMPARATIVE GOVERNMENT
Holdings
Withdrawn status Lost status Damaged status Not for loan Collection code Home library Current library Shelving location Date acquired Full call number Barcode Date last seen Copy number Price effective from Koha item type
        REFPSC Central Library and Information Centre Sibsagar Girls College Central Library and Information Centre Sibsagar Girls College Political Science Rack 01.08.2006 320.3 GOG 21348 27.02.2020 1 27.02.2020 Books


Sibsagar Girl's College © 2020. All rights reserved.
Powered by Koha.
Maintained by Abhijit Borpuzari.